Identifikovanie charakteristík používateľa využitím analýzy pohľadu

Uložené v:
Podrobná bibliografia
Hlavný autor: Dragúňová, Mária (Autor)
Ďalší autori: Tvarožek, Jozef (Vedúci práce)
Médium: Rukopis Kniha
Jazyk:Slovak
Vydavateľské údaje: 2018
Predmet:
On-line prístup:http://is.stuba.sk/zp/portal_zp.pl?podrobnosti=138093
Tagy: Pridať tag
Žiadne tagy, Buďte prvý, kto otaguje tento záznam!

MARC

LEADER 00000ntm a22000003a 4500
001 stuzp70395
003 SK-STU
005 20190321165314.1
007 ta
008 150427s2015----xo-----f-mn---000-0-slo-d
040 |a STU  |b slo 
041 0 |a slo 
044 |a xo 
100 1 |a Dragúňová, Mária  |u 070200  |k Z4  |4 aut  |U FIIT Fakulta informatiky a informačných technológií  |T FIIT Ústav informatiky, informačných systémov a softvérového inžinierstva  |X 72055  |U I200  |Y 179  |7 72055 
242 0 1 |a Identifying users’ characteristics by eye tracking analysi  |y eng 
245 1 0 |a Identifikovanie charakteristík používateľa využitím analýzy pohľadu 
260 |c 2018 
300 |a 69 s., príl.,   |e Cd-rom 
650 4 |a identifikácia pracovnej pamäte  |2 slo 
650 4 |a klasifikácia používateľov  |2 slo 
650 4 |a sledovanie pohľadu  |2 slo 
650 4 |a working memory capacity identification  |2 eng 
650 4 |a classification of users  |2 eng 
650 4 |a eye tracking  |2 eng 
700 1 |a Tvarožek, Jozef  |u 070200  |k Z1  |4 ths  |U FIIT Fakulta informatiky a informačných technológií  |T FIIT Ústav informatiky, informačných systémov a softvérového inžinierstva  |X 52473  |U I200  |Y 179  |7 52473 
856 4 |u http://is.stuba.sk/zp/portal_zp.pl?podrobnosti=138093 
996 |b IZP20180171  |c I*DP14/18  |l II680  |s P  |a 0  |w stuzp70395_0001